Centralizacija i samostojatel'nost' Otraslevoj aspekt
Na minha lista:
| Autor principal: | |
|---|---|
| Formato: | Livro |
| Idioma: | russo |
| Publicado em: |
Moskva
Ekonomika
1987
|
| Edição: | 1. izd. |
| Colecção: | Monografija
|
| Tags: |
Sem tags, seja o primeiro a adicionar uma tag!
|
MARC
| LEADER | 00000nam a2200000 4500 | ||
|---|---|---|---|
| 001 | c025772 | ||
| 005 | 20221219132901.9 | ||
| 041 | 0 | |a rus | |
| 044 | |a RU | ||
| 245 | 1 | 0 | |a Centralizacija i samostojatel'nost' |b Otraslevoj aspekt |c Aleksandr Ivanovič Radzijevskij |
| 250 | |a 1. izd. | ||
| 264 | 1 | |a Moskva |b Ekonomika |c 1987 | |
| 300 | |a 150 s. | ||
| 490 | 1 | |a Monografija | |
| 830 | 0 | |a Monografija | |
| 100 | 1 | |a Radzijevskij, Aleksandr Ivanovič | |